Water Gardening
| Main Author: | |
|---|---|
| Corporate Author: | |
| Format: | Book |
| Published: |
London :
Dorling Kindersley ,
2003
|
| Subjects: |
MARC
| LEADER | 00000cam a2200000 7i4500 | ||
|---|---|---|---|
| 001 | 0000003603 | ||
| 005 | 20070920.0 | ||
| 020 | 0 | 0 | |a 1405300647 |
| 090 | 0 | 0 | |a 635.9 |b ROB |
| 100 | 1 | 0 | |a Robinson, Peter |
| 245 | 0 | 0 | |a Water Gardening |c Peter Robinson |
| 260 | 0 | 0 | |a London : |b Dorling Kindersley , |c 2003 |
| 300 | |a 216p. : |b ill., col. ; |c 30cm. | ||
| 500 | 0 | 0 | |a Includes index |
| 650 | 0 | 0 | |a Water Garden |
| 710 | 2 | 1 | |a Royal Horticultural Society |
| 999 | |a 0000007204 |b Monograph |c Open Shelf |e Default branch | ||